| 000 | 01149cam a2200301 a 4500 | ||
|---|---|---|---|
| 999 |
_c6126 _d6126 |
||
| 001 | 17344253 | ||
| 005 | 20170602100649.0 | ||
| 008 | 120613s2011 rh b 000 0 eng | ||
| 010 | _a 2012314137 | ||
| 020 | _a9780797447905 | ||
| 040 |
_aDLC _cDLC _dDLC |
||
| 042 |
_alcode _apcc |
||
| 043 | _af-rh--- | ||
| 050 | 0 | 0 |
_aJQ2929.A15 _bK38 2011 |
| 100 | 1 |
_aKaulemu, David. _932000 |
|
| 245 | 1 | 0 |
_aEnding violence in Zimbabwe / _cDavid Kaulemu. |
| 260 |
_aHarare, Zimbabwe : _bKonrad-Adenauer-Stiftung in association with African Forum for Catholic Social Teachings, _c2011. |
||
| 300 |
_axi, 146 p. ; _c21 cm. |
||
| 504 | _aIncludes bibliographical references (p. 142-146). | ||
| 650 | 0 |
_aPolitical violence _zZimbabwe. _97515 |
|
| 650 | 0 |
_aPolitical persecution _zZimbabwe. _931957 |
|
| 650 | 0 |
_aState-sponsored terrorism _zZimbabwe. _931973 |
|
| 651 | 0 |
_aZimbabwe _xPolitics and government. _932001 |
|
| 856 | 4 | 1 |
_3Table of contents only _uhttp://www.loc.gov/catdir/toc/fy13pdf05/2012314137.html |
| 906 |
_a7 _bcbc _corigode _d3 _encip _f20 _gy-gencatlg |
||
| 942 |
_2lcc _cMONOGRAPH |
||